[Event "Vall del Tenes op 5th"]
[Site "Vall del Tenes"]
[Date "2016.04.22"]
[Round "3"]
[White "Lopez Sanchez, Pedro"]
[Black "Plantada Martorell, Josep"]
[Result "1-0"]
[WhiteElo "1700"]
[BlackElo "1484"]
[PlyCount "89"]
[EventDate "2016.04.08"]
[EventType "swiss"]
[EventRounds "8"]
[EventCountry "ESP"]
[SourceTitle "CBM 172 Extra"]
[Source "ChessBase"]
[SourceDate "2016.06.21"]
[SourceVersion "1"]
[SourceVersionDate "2016.06.21"]
[SourceQuality "1"]

1. d4 d5 2. c4 e6 3. Nc3 Nf6 4. Bg5 Be7 5. Bf4 Nc6 6. Nf3 Bb4 7. e3 Ne4 8. Qc2 dxc4 9. Bxc4 0-0 10. Qxe4 a5 11. 0-0 Bxc3 12. bxc3 Bd7 13. Rfd1 Rb8 14. a4 Re8 15. Ng5 f5 16. Qd3 h6 17. Nf3 g5 18. Bg3 Ne7 19. Ne5 Kg7 20. f4 Kf6 21. fxg5+ hxg5 22. Rf1 Rh8 23. Nxd7+ Qxd7 24. Be5+ Kg6 25. Bxh8 Rxh8 26. e4 Qd6 27. e5 Qc6 28. Bb5 Qd5 29. Qc4 Qxc4 30. Bxc4 Kf7 31. Rad1 Rd8 32. Rf3 g4 33. Rfd3 c6 34. R3d2 Ng6 35. Rb1 Rd7 36. Rf2 Nh4 37. Be2 Ng6 38. Bxg4 f4 39. Bh5 Kg7 40. Bxg6 Kxg6 41. Rxf4 Kg5 42. Rf6 Re7 43. Rbf1 Rh7 44. R1f3 Rh4 45. Rg3+ 1-0

[Event "Llinars del Valles op-B 9th"]
[Site "Llinars del Valles"]
[Date "2015.06.06"]
[Round "8"]
[White "Gonzalez Navarro, Carlos Manuel"]
[Black "Plantada Martorell, Josep"]
[Result "1-0"]
[WhiteElo "1701"]
[BlackElo "1656"]
[PlyCount "35"]
[EventDate "2015.04.11"]
[EventType "swiss"]
[EventRounds "9"]
[EventCountry "ESP"]
[SourceTitle "EXT 2018"]
[Source "ChessBase"]
[SourceDate "2017.10.13"]
[SourceVersion "1"]
[SourceVersionDate "2017.10.13"]
[SourceQuality "1"]

1. e4 e5 2. Nf3 Nc6 3. Bc4 Nf6 4. Nc3 h6 5. 0-0 Bc5 6. d3 0-0 7. Bd2 Ng4 8. Be1 d6 9. Ne2 Nd4 10. Nexd4 exd4 11. a4 a5 12. Bd2 Qf6 13. Re1 Bd7 14. g3 Ne5 15. Nxe5 Qxe5 16. Bf4 Qf6 17. Qh5 Qg6 18. Qxg6 1-0

[Event "Llinars del Valles op-B 8th"]
[Site "Llinars del Valles"]
[Date "2014.06.21"]
[Round "8"]
[White "Cid Salmeron, Jaume"]
[Black "Plantada Martorell, Josep"]
[Result "0-1"]
[WhiteElo "1700"]
[BlackElo "1700"]
[PlyCount "80"]
[EventDate "2014.04.26"]
[EventType "swiss"]
[EventRounds "8"]
[EventCountry "ESP"]
[SourceTitle "EXT 2018"]
[Source "ChessBase"]
[SourceDate "2017.10.13"]
[SourceVersion "1"]
[SourceVersionDate "2017.10.13"]
[SourceQuality "1"]

1. e4 g6 2. d4 Bg7 3. Nf3 d6 4. Bc4 e6 5. d5 e5 6. Ng5 Nf6 7. f4 Bg4 8. Qd3 Nbd7 9. Bb5 0-0 10. f5 Nc5 11. Qg3 gxf5 12. h3 Ncxe4 13. Qh4 Bh5 14. g4 fxg4 15. hxg4 Bg6 16. Nxe4 Bxe4 17. Rh2 Nxd5 18. Bg5 f6 19. Bd3 fxg5 20. Qh3 Nf4 21. Bc4+ d5 22. Bxd5+ Qxd5 23. Qb3 Ng2+ 24. Ke2 Nf4+ 25. Ke1 Qxb3 26. axb3 Bxc2 27. Rxc2 Nd3+ 28. Kd2 e4 29. Nc3 Rf2+ 30. Kd1 Nxb2+ 31. Ke1 Nd3+ 32. Kd1 Nb2+ 33. Ke1 Rxc2 34. Nxe4 Re8 35. Kf1 Rxe4 36. Re1 Rf4+ 37. Kg1 Rxg4+ 38. Kf1 Rf4+ 39. Kg1 Bd4+ 40. Kh1 Rh4# 0-1

[Event "Llinars del Valles op 5th"]
[Site "Llinars del Valles"]
[Date "2013.11.08"]
[Round "5"]
[White "Plantada Martorell, Josep"]
[Black "Vega Benitez, Oscar"]
[Result "0-1"]
[WhiteElo "1700"]
[BlackElo "1704"]
[PlyCount "82"]
[EventDate "2013.10.04"]
[EventType "swiss"]
[EventRounds "8"]
[EventCountry "ESP"]
[SourceTitle "CBM 157 Extra"]
[Source "ChessBase"]
[SourceDate "2013.12.19"]
[SourceVersion "1"]
[SourceVersionDate "2013.12.19"]
[SourceQuality "1"]

1. e4 e5 2. Nf3 Nc6 3. d4 exd4 4. Nxd4 Nf6 5. Nc3 d6 6. Bg5 Be7 7. Be2 0-0 8. Qd2 Nxe4 9. Nxe4 Bxg5 10. Nxg5 Nxd4 11. Qxd4 Qxg5 12. g4 Re8 13. h3 b6 14. Qa4 Bb7 15. f4 Qh4+ 16. Kd2 Bxh1 17. Rxh1 Qf2 18. Qc4 Qe3+ 19. Kd1 Qe4 20. Qxe4 Rxe4 21. f5 Rae8 22. Bd3 Re3 23. Bc4 Kf8 24. h4 R3e4 25. Bb5 R8e5 26. Bd3 Rxg4 27. h5 f6 28. h6 gxh6 29. Rxh6 Rg1+ 30. Kd2 Kg7 31. Rh2 Rg5 32. Rf2 h5 33. Kc3 h4 34. a4 h3 35. Rh2 Re3 36. Kd4 Rg2 37. Rh1 Reg3 38. Re1 Kf8 39. Be4 Rd2+ 40. Kc4 h2 41. Bc6 Rxc2+ 0-1

[Event "Vall del Tenes op 2nd"]
[Site "Vall del Tenes"]
[Date "2013.04.12"]
[Round "2"]
[White "Plantada Martorell, Josep"]
[Black "Camprubi Canas, Isidre"]
[Result "0-1"]
[WhiteElo "1700"]
[BlackElo "1863"]
[PlyCount "66"]
[EventDate "2013.04.05"]
[EventType "swiss"]
[EventRounds "8"]
[EventCountry "ESP"]
[SourceTitle "EXT 2014"]
[Source "ChessBase"]
[SourceDate "2013.11.20"]
[SourceVersion "1"]
[SourceVersionDate "2013.11.20"]
[SourceQuality "1"]

1. b3 e5 2. Bb2 Nc6 3. e3 d5 4. Bb5 Bd6 5. Nf3 Nge7 6. 0-0 0-0 7. c4 e4 8. Nd4 Nb4 9. Qe2 Nd3 10. Bc3 c6 11. Ba4 a6 12. b4 dxc4 13. Na3 b5 14. Bc2 Qc7 15. Qh5 a5 16. Ne6 Bxe6 17. Bxg7 Kxg7 18. Qg5+ Ng6 19. g3 axb4 20. Nb1 Be5 21. Bd1 Bxa1 22. Bh5 Bf6 23. f4 exf3 24. Rxf3 Bxg5 25. h4 Bf6 26. g4 Rxa2 27. g5 Be7 28. Kg2 Ne1+ 29. Kf2 Nxf3 30. Kxf3 Rb2 31. Nc3 bxc3 32. dxc3 Bd5+ 33. e4 Qf4# 0-1